Zákony 2016 II. : úplné znění. Aktualizace II/6, XI/2016
Record details
- ISSN: 1802-8330
- Physical Description: 64 stran ; 21 cm
- Publisher: Český Těšín : Poradce, s.r.o., 2016
Content descriptions
| General Note: | Název z obálky Poznámky |
| Formatted Contents Note: | Zákon č. 634/2004 Sb., o správních poplatcích |
Search for related items by subject
| Subject: | správní poplatky > Česko |
| Genre: | zákony |
| LDR | 01323nam a2200397 i 4500 | ||
|---|---|---|---|
| 001 | 24514 | ||
| 003 | CZ-PrJAB | ||
| 005 | 20170114103129.0 | ||
| 008 | 161212s2016 xr e cze | ||
| 022 | . | ‡a1802-8330 | |
| 035 | . | ‡a(CZ PrSKC)000748661 | |
| 040 | . | ‡aPNA001 ‡bcze ‡erda | |
| 043 | . | ‡ae-xr--- | |
| 072 | 7. | ‡a35 ‡xVeřejná správa ‡2Konspekt ‡915 | |
| 080 | . | ‡a351.72 ‡2MRF | |
| 080 | . | ‡a336.232 ‡2MRF | |
| 080 | . | ‡a(437.3) ‡2MRF | |
| 080 | . | ‡a(094.5) ‡2MRF | |
| 110 | 1 | . | ‡aČesko ‡7ge128065 |
| 240 | 1 | 0. | ‡aZákon o správních poplatcích (2004, novela 2016) |
| 245 | 1 | 0. | ‡aZákony 2016 II. : ‡búplné znění. ‡nAktualizace II/6, XI/2016 |
| 246 | 3 | 3. | ‡aAktualizace k zákonům II/2016. Sešit 6 |
| 264 | 1. | ‡aČeský Těšín : ‡bPoradce, s.r.o., ‡c2016 | |
| 300 | . | ‡a64 stran ; ‡c21 cm | |
| 336 | . | ‡atext ‡btxt ‡2rdacontent | |
| 337 | . | ‡abez média ‡bn ‡2rdamedia | |
| 338 | . | ‡asvazek ‡bnc ‡2rdacarrier | |
| 500 | . | ‡aNázev z obálky | |
| 500 | . | ‡aPoznámky | |
| 505 | 2 | 0. | ‡tZákon č. 634/2004 Sb., o správních poplatcích |
| 650 | 0 | 7. | ‡asprávní poplatky ‡7ph237439 ‡zČesko ‡2czenas |
| 655 | 7. | ‡azákony ‡7fd133886 ‡2czenas | |
| 740 | 0 | 2. | ‡aZákon o správních poplatcích |
| 740 | 0 | 2. | ‡aUpozornění na změnu: Trestní zákoník, Soudní řád správní |
| 910 | . | ‡aABG312 | |
| 901 | . | ‡a24514 ‡b ‡c24514 ‡tbiblio | |